| 000 | 00000nas 2200000zi 4500 |
| 001 | 9.911981 |
| 003 | CaOODSP |
| 005 | 20221107182450 |
| 006 | m o d f |
| 007 | cr cn||||||||| |
| 008 | 220606c20219999oncux m o f0###|0eng|d |
| 040 | |aCaOODSP|beng|erda|cCaOODSP |
| 043 | |an-cn--- |
| 086 | 1 |aYC36-0E-PDF |
| 110 | 1 |aCanada. |bParliament. |bSenate. |bStanding Committee on Audit and Oversight, |eauthor, |eissuing body. |
| 245 | 10|aReport / |cStanding Committee on Audit and Oversight. |
| 264 | 1|aOttawa : |bStanding Committee on Audit and Oversight, |c2021- |
| 310 | |aIrregular |
| 336 | |atext|btxt|2rdacontent |
| 337 | |acomputer|bc|2rdamedia |
| 338 | |aonline resource|bcr|2rdacarrier |
| 362 | 1 |aBegan with First report (December 9, 2021). |
| 500 | |aIssued also in French under title: Rapport. |
| 500 | |a"The Standing Committee on Audit and Oversight (the committee) was created in October 2020." - Annual report 2022. |
| 500 | |aScope: major legislative and special study reports of the committee. |
| 500 | |aIssued also in HTML format. |
| 546 | |aSome reports issued in bilingual English-French side by side. |
| 610 | 10|aCanada. |bParliament. |bSenate|xRules and practice. |
| 650 | 0|aGovernment accountability|zCanada. |
| 650 | 0|aAuditing, Internal|zCanada. |
| 775 | 08|tRapport / |w(CaOODSP)9.911984 |
| 856 | 4 |qHTML|sN/A|uhttps://sencanada.ca/en/committees/AOVS/Reports |